000 00918nam a2200253 a 4500
001 000007232
005 20200929154114.0
008 090907s1995 dr a 000 0 spa d
040 _aDO-SdBNP
_bspa
_cBNPHU
082 _a133.8
_bG216y
100 1 _aGarcía Bido, Rafael
_918198
245 1 0 _aYanuna Yahíla Taiba :
_bla gran madre te devolverá lo traído /
_cRafael García Bido.
246 1 0 _aYanuna Yahíla Taiba:
_buna aventura del espíritu. Una enseñanza cósmica. Una experiencia de armonía con la tierra.
260 _aSanto Domingo :
_bIdegraf,
_c1995.
300 _a258 p. :
_bil. ;
_c21 cm.
504 _aBibliografía : p. 257-258
590 _aInventariado, 2018/LP
650 4 _aParapsicología
_92394
650 4 _aLo sobrenatural
_912659
650 4 _aEspirítismo
_91460
650 4 _aMeditación
_9687
650 4 _aTécnicas de autoayuda
_9387
910 _aValidado. Control de calidad. MMOLINA
999 _c7013
_d7013